|
|
|
|
| LEADER |
01318nam a2200349Ia 4500 |
| 001 |
EBC3445597 |
| 003 |
MiAaPQ |
| 005 |
20200520144314.0 |
| 006 |
m o d | |
| 007 |
cr cn||||||||| |
| 008 |
111102s2003 ne a sb 001 0 eng d |
| 020 |
|
|
|z 9789076998268
|
| 020 |
|
|
|z 9789086865178
|
| 035 |
|
|
|a (MiAaPQ)EBC3445597
|
| 035 |
|
|
|a (Au-PeEL)EBL3445597
|
| 035 |
|
|
|a (CaPaEBR)ebr10686806
|
| 035 |
|
|
|a (OCoLC)846996533
|
| 040 |
|
|
|a MiAaPQ
|c MiAaPQ
|d MiAaPQ
|
| 050 |
|
4 |
|a QH543
|b .I58 2003
|
| 245 |
0 |
0 |
|a Interactions between climate and animal production
|h [electronic resource] /
|c editors, N. Lacetera ... [et. al.].
|
| 260 |
|
|
|a Wageningen :
|b Wageningen Academic Publishers,
|c 2003.
|
| 300 |
|
|
|a 123 p. :
|b ill.
|
| 490 |
1 |
|
|a EAAP technical series ;
|v no. 7
|
| 504 |
|
|
|a Includes bibliographical references and indexes.
|
| 533 |
|
|
|a Electronic reproduction. Ann Arbor, MI : ProQuest, 2015. Available via World Wide Web. Access may be limited to ProQuest affiliated libraries.
|
| 650 |
|
0 |
|a Bioclimatology.
|
| 650 |
|
0 |
|a Animal culture
|x Environmental aspects.
|
| 655 |
|
4 |
|a Electronic books.
|
| 700 |
1 |
|
|a Lacetera, N.
|
| 710 |
2 |
|
|a ProQuest (Firm)
|
| 830 |
|
0 |
|a EAAP technical series ;
|v no. 7.
|
| 856 |
4 |
0 |
|u https://ebookcentral.proquest.com/lib/matrademy/detail.action?docID=3445597
|z Click to View
|